000 00757 a2200145 4500
020 _a844930315x
082 _a701.17
_bK16e
100 _aKandinsky, Vasili
_91324
245 _aDe lo espiritual en el Arte
260 _aBuenos Aires
_bEdiciones Paidos
_c1996
300 _a116 p
_bil (col)
_c21 cm
505 _tIntroduccion. Max Bill Prologo a la primera edicion suiza. Prologo a la segunda edicion suiza.
_tA. Notas Generales I. Introduccion II. El movimiento III. El cambio de las formas y los colores IV. La piramide
_tB. La Pintura V. Los efectos del color VI. El lenguaje de las formas y los colores VII. Teoria VIII. La obra de arte y el artista
_tEpilogo Laminas I-VIII
650 _aEstetica
_xArte critico
_xpintura
_91325
700 _aVasili Kandinsky
_91326
999 _c287
_d287